MLB Teams Sudden Death - Statistics

General Stats
  • This quiz has been taken 151 times
    144 since last reset
  • The average score is 19 of 30
Answers on the Grid
Answers color-coded by a green-red scale on the quiz's grid according to % correct below.
Rockies
Angels
Astros
Athletics
Bills
Blue Jays
Blue Sox
Bombers
Braves
Brewers
Cardinals
Chiefs
Cubs
Diamondbacks
Dodgers
Eagles
Expos
Gators
Giants
Guardians
Hawks
Higlanders
Indians
Japan International
Kings
Mariners
Marlins
Mets
Nationals
Orioles
Padres
Panthers
Phillies
Pirates
Pythons
Rangers
Rays
Red Sox
Reds
Royals
Stars
Tigers
Twins
White Sox
Yankees
 
Answer Stats
Answer % Correct
Dodgers
69%
Rays
69%
Yankees
69%
Mets
67%
White Sox
66%
Blue Jays
64%
Phillies
64%
Reds
64%
Red Sox
64%
Royals
64%
Braves
63%
Marlins
63%
Astros
61%
Brewers
61%
Cubs
61%
Mariners
61%
Padres
61%
Pirates
61%
Rangers
61%
Tigers
61%
Angels
60%
Cardinals
60%
Rockies
60%
Nationals
60%
Twins
60%
Athletics
58%
Diamondbacks
58%
Guardians
58%
Orioles
58%
Giants
57%
No matching quizzes found
Score Distribution
Percent of People with Each Score
Percentile by Number Answered
Your Score History
You have not taken this quiz since the last reset